[Event "Aeroflot Open"]
[Site "Moscow RUS"]
[Date "2007.02.20"]
[Round "7"]
[White "Vijayalakshmi,S"]
[Black "Kosintseva,T"]
[Result "0-1"]
[WhiteElo "2459"]
[BlackElo "2474"]

1.Nf3 d5 2.g3 Nf6 3.Bg2 e6 4.d4 Be7 5.O-O O-O 6.Nbd2 b6 7.c4 Bb7 8.b3 Nbd7
9.Bb2 c5 10.Rc1 Ne4 11.cxd5 exd5 12.dxc5 Ndxc5 13.b4 Ne6 14.Qb3 a5 15.Nxe4 dxe4
16.Rfd1 Qe8 17.Ne5 axb4 18.Ba1 Ra3 19.Qb1 Qa8 20.Nd7 Rd8 21.Nxb6 Rxd1+ 22.Rxd1 Qa6
23.Bb2 Rxa2 24.Rd7 Qxe2 25.Rxe7 Rxb2 26.Re8+ Nf8 27.Qf1 Bc6 28.Qxe2 Rxe2
29.Rb8 g6 30.Nc8 Re1+ 31.Bf1 Bd7 32.Ne7+ Kg7 33.Kg2 Bg4 34.Bc4 Nd7 35.Rxb4 Ne5
36.Nd5 Bf3+ 37.Kh3 Ng4 38.Kh4 h6 39.Rb2 g5+ 40.Kh3 Rh1  0-1

[Event "14th Belisce Metalis Open"]
[Site "Bizovac CRO"]
[Date "2007.02.22"]
[Round "1"]
[White "Buhin,D"]
[Black "Sertic,Ru"]
[Result "0-1"]
[WhiteElo "1928"]
[BlackElo "2346"]

1.Nf3 d5 2.g3 c5 3.Bg2 Nc6 4.O-O e5 5.d3 Be7 6.c4 Nf6 7.Nbd2 O-O 8.b3 Re8
9.a3 h6 10.Qc2 e4 11.Ne1 Nd4 12.Qd1 Bg4 13.f3 exf3 14.Ndxf3 Nc6 15.Nc2 Qd7
16.Re1 Rad8 17.Bb2 Qe6 18.Qd2 Bh3 19.Bh1 a6 20.Rad1 b5 21.Qe3 Qc8 22.Qc1 Na5
23.Na1 d4 24.e3 bxc4 25.dxc4 Nc6 26.exd4 cxd4 27.b4 d3 28.Qc3 Bf5 29.Nh4 Bh7
30.Be4 Bxe4 31.Rxe4 Bc5+  0-1

[Event "14th Belisce Metalis Open"]
[Site "Bizovac CRO"]
[Date "2007.02.24"]
[Round "5"]
[White "Oreskovic,P"]
[Black "Feletar,D"]
[Result "0-1"]
[WhiteElo "2146"]
[BlackElo "2390"]

1.Nf3 d5 2.g3 Nf6 3.Bg2 c5 4.d3 g6 5.O-O Bg7 6.Nbd2 O-O 7.c3 Nc6 8.e4 e5
9.Qc2 h6 10.exd5 Nxd5 11.a3 Be6 12.Re1 Qc7 13.a4 a6 14.Nb3 Qe7 15.a5 Rad8
16.Be3 Nxe3 17.fxe3 Bxb3 18.Qxb3 Rxd3 19.Nh4 Rd6 20.Qc4 Qe6 21.Qxe6 Rxe6
22.Red1 e4 23.Rd7 Rb8 24.Ra4 Ne5 25.Rd5 f5 26.Bf1 Rc6 27.h3 h5 28.Be2 Kf7
29.g4 hxg4 30.hxg4 Ke6 31.Rd1 Bh6 32.gxf5+ gxf5 33.Kf2 Bg5 34.Ng2 Rh8 35.Raa1 c4
36.Rh1 Rcc8 37.Rxh8 Rxh8 38.Nf4+ Bxf4 39.exf4 Nd3+ 40.Ke3 Kd5 41.Ra4 Rh3+
42.Kd2 e3+  0-1

[Event "Masters"]
[Site "Bunratty IRL"]
[Date "2007.02.24"]
[Round "2"]
[White "Orr,M"]
[Black "Benjamin,Joe"]
[Result "0-1"]
[WhiteElo "2293"]
[BlackElo "2571"]

1.Nf3 d5 2.g3 Nf6 3.Bg2 c6 4.O-O Bg4 5.b3 e6 6.Bb2 Be7 7.d3 O-O 8.Nbd2 a5
9.a3 c5 10.c4 Nc6 11.cxd5 exd5 12.d4 Re8 13.dxc5 Bxc5 14.Qc2 Bb6 15.e3 Rc8
16.Qd3 Ne4 17.Nxe4 dxe4 18.Qxd8 Rcxd8 19.Ng5 f5 20.Rfc1 h6 21.Nh3 g5 22.Bc3 Ne5
23.Bxe5 Rxe5 24.Bf1 Kf8 25.b4 a4 26.Re1 Red5 27.Bg2 Rd2 28.Rac1 Ra2 29.Rc3 Ke7
30.Bf1 Rd1 31.Rxd1 Bxd1 32.Kh1 Bf3+ 33.Bg2 g4  0-1

[Event "Bundesliga 2006-7"]
[Site "Muelheim Nord GER"]
[Date "2007.02.24"]
[Round "10"]
[White "Siebrecht,S"]
[Black "Lazarev,V"]
[Result "1-0"]
[WhiteElo "2457"]
[BlackElo "2517"]

1.Nf3 d5 2.g3 Bg4 3.Bg2 Nd7 4.d3 c6 5.Nbd2 e6 6.O-O Bd6 7.e4 Ne7 8.Qe1 O-O
9.h3 Bh5 10.Nh4 Qc7 11.f4 f5 12.Ndf3 Rae8 13.e5 Bc5+ 14.d4 Bb6 15.Be3 c5
16.c3 a6 17.Qf2 h6 18.Kh1 Rc8 19.Rac1 Qb8 20.Nh2 cxd4 21.cxd4 Rxc1 22.Rxc1 Rc8
23.Rg1 Kh8 24.Bf1 Rg8 25.g4 Bf7 26.Bd3 g6 27.N2f3 Qe8 28.Ng2 Bd8 29.Bd2 Nc6
30.Ne3 Ndb8 31.h4 Bb6 32.h5 Nxd4 33.Nxd4 Bxd4 34.hxg6 Bxg6 35.Qh4 Qf7 36.gxf5 exf5
37.Qxh6+ Qh7 38.Qxh7+ Kxh7 39.Rg5 Bxe3 40.Bxe3 Rf8 41.Bc5 Rc8 42.b4 Nc6 43.Bxf5 Bxf5
44.Rxf5 Kg6 45.Rf6+ Kh5 46.Kg2 Kg4 47.e6 d4 48.a3 d3 49.Kf2 b6 50.Bf8 Rd8
51.Ke1 Nd4 52.e7 Nf3+ 53.Kf2 Rc8 54.Rg6+ Kf5 55.Rd6 Ke4 56.Rd8 Rc2+ 57.Kg3  1-0

[Event "Interclubes Paulista"]
[Site "Sao Paulo BRA"]
[Date "2007.02.24"]
[Round "1"]
[White "Marques,V"]
[Black "Rabinovich,Al"]
[Result "0-1"]
[WhiteElo "2370"]
[BlackElo "2423"]

1.Nf3 d5 2.g3 c6 3.Bg2 Bg4 4.O-O Nd7 5.d3 e6 6.Nbd2 Bc5 7.h3 Bh5 8.e4 Ne7
9.Qe1 O-O 10.Kh1 Qc7 11.Ng1 e5 12.f4 exf4 13.gxf4 dxe4 14.dxe4 f6 15.Nb3 Bb6
16.a4 a5 17.Bd2 Bf7 18.Bc3 Ng6 19.Qg3 Rae8 20.Nd2 Bc5 21.h4 Bb4 22.Ne2 Bxc3
23.Nxc3 Kh8 24.Bh3 Rg8 25.Rf2 Be6 26.Bxe6 Rxe6 27.Rg1 Ree8 28.h5 Ne7 29.Nf3 g6
30.h6 Qb6 31.Rd2 Nc5 32.b3 Qb4 33.Rd4 Qb6 34.Rd6 Rgf8 35.Qh4 Nxe4 36.Nxe4 Nf5
37.Qh3 Rxe4 38.Rd2 Qe3 39.Re1 Qd4 40.Rxe4 Qxe4 41.Kg1 Qe3+  0-1

[Event "TCh-NED 2006-7"]
[Site "Netherlands NED"]
[Date "2007.03.03"]
[Round "6"]
[White "Carlier,B"]
[Black "Muhren,B"]
[Result "1/2-1/2"]
[WhiteElo "2430"]
[BlackElo "2290"]

1.Nf3 d5 2.g3 Nf6 3.Bg2 c6 4.O-O Bg4 5.c4 Nbd7 6.cxd5 cxd5 7.Qb3 Qb6 8.Qxb6 Nxb6
9.Nc3 Bxf3 10.Bxf3 e6 11.d3 Be7 12.Bf4 O-O 13.Rac1 a6 14.Bc7 Nbd7 15.Na4 Rac8
16.d4 Rfe8 17.Bb6 Bd6 18.a3 Bb8 19.e3 Kf8 20.b4 Ke7 21.Rfd1 Bd6 22.Kf1 g5
23.h3 h6 24.g4 Rh8 25.Ke2 Rhe8 26.Bc5 Rb8 27.Rc2 b5 28.Bxd6+ Kxd6 29.Nc5 Nxc5
30.bxc5+ Kc6 31.Rb1 Rb7 32.Rcb2 Reb8 33.Kd3 Nd7 34.e4 Nf6 35.e5 Nd7 36.h4 Nf8
37.h5 Nd7 38.Re1 Nf8 39.Bd1 Nh7 40.Kd2 Nf8 41.f4 gxf4 42.Rf1 Nh7 43.Rxf4 Ng5
44.Bc2 a5 45.Bd3 Rg8 46.Ke3 Nh3 47.Rf3 Ng5 48.Rf4 Nh3 49.Rf3 Ng5 50.Rf4  1/2-1/2

[Event "4NCL 2006-07"]
[Site "Wokefield Park ENG"]
[Date "2007.03.03"]
[Round "7"]
[White "Gourlay,I"]
[Black "Devereaux,M"]
[Result "1/2-1/2"]
[WhiteElo "2348"]
[BlackElo "2367"]

1.Nf3 d5 2.g3 Nf6 3.Bg2 c6 4.b3 Bg4 5.Bb2 Nbd7 6.O-O e6 7.d3 Bd6 8.Nbd2 Qc7
9.c4 O-O 10.Qc2 a5 11.a3 Rfc8  1/2-1/2

[Event "39th WGM"]
[Site "Belgrade/Lazarevac SRB"]
[Date "2007.03.05"]
[Round "2"]
[White "Chelushkina,I"]
[Black "Olarasu,G"]
[Result "1-0"]
[WhiteElo "2338"]
[BlackElo "2274"]

1.g3 d5 2.Nf3 Bg4 3.Bg2 Nd7 4.d4 e6 5.O-O Ngf6 6.a4 a5 7.Bf4 h6 8.Ne5 Nxe5
9.Bxe5 Nd7 10.Bf4 g5 11.Be3 Bf5 12.Nd2 Bg7 13.c3 c6 14.Rc1 O-O 15.f3 b5 16.Bf2 Rb8
17.e4 Bg6 18.axb5 Rxb5 19.b3 Rb8 20.Re1 Qb6 21.Qe2 Rfd8 22.g4 Qb5 23.Qxb5 cxb5
24.Ra1 b4 25.c4 dxe4 26.Rxa5 exf3 27.Nxf3 Bc2 28.c5 Rbc8 29.Nd2 Nf6 30.Rc1 Bd3
31.Bf3 Nd5 32.Nc4 Nf4 33.Nb6 Rc7 34.Ra8 Rxa8 35.Nxa8 Rc8 36.Nb6 Rc7 37.d5 exd5
38.Nxd5 Nxd5 39.Bxd5 Bb2 40.Re1 Bb5 41.Kg2 Bc6 42.Bxc6 Rxc6 43.Re8+ Kg7 44.Kf3 Rf6+
45.Ke2 Bc3 46.Be3 Ra6 47.Kd3 h5 48.gxh5 Kh6 49.h4 Kxh5 50.hxg5 Kg6 51.Ke4 Be1
52.Kd5 Bg3 53.Kc4 Be1 54.Kb5 Ra2 55.Bf4  1-0

[Event "Victor Ciocaltea Mem"]
[Site "Bucharest ROM"]
[Date "2007.03.06"]
[Round "1"]
[White "Grunberg,M"]
[Black "Benkovic,P"]
[Result "0-1"]
[WhiteElo "2439"]
[BlackElo "2433"]

1.Nf3 d5 2.g3 c6 3.Bg2 Bg4 4.c4 e6 5.O-O Bxf3 6.Bxf3 dxc4 7.Qc2 Qd4 8.Nc3 Nd7
9.b3 Ngf6 10.bxc4 Qxc4 11.Rb1 Nb6 12.e4 e5 13.Be2 Qd4 14.Bb2 Qd7 15.a4 Rd8
16.Rfd1 Qh3 17.Bf1 Qg4 18.d3 Nbd7 19.Ne2 Bd6 20.Ba1 Rb8 21.a5 O-O 22.a6 b5
23.h3 Qg6 24.Bg2 Rb6 25.f4 Rxa6 26.Bb2 Bc5+ 27.d4 Bb6 28.f5 Qh5 29.Kf1 exd4
30.Nxd4 Qg5 31.Rd3 Ne5 32.Bc1 Qh5 33.Rd1 Ra2 34.Rb2 Rxb2 35.Bxb2 Nc4 36.Bc1 Ne8
37.Nxc6 Be3 38.Qb3 Bxc1  0-1

[Event "71st ch-BUL"]
[Site "Pernik BUL"]
[Date "2007.03.12"]
[Round "4"]
[White "Nikolov,Sas"]
[Black "Rusev,K"]
[Result "1-0"]
[WhiteElo "2380"]
[BlackElo "2453"]

1.Nf3 d5 2.g3 c6 3.b3 Bg4 4.Bg2 Nd7 5.Bb2 Ngf6 6.d3 e6 7.Nbd2 Be7 8.h3 Bh5
9.g4 Bg6 10.Nh4 a5 11.a3 Qb8 12.e3 b5 13.f4 a4 14.b4 c5 15.Nxg6 hxg6 16.c3 g5
17.Qf3 gxf4 18.exf4 Qa7 19.h4 Rc8 20.h5 d4 21.c4 cxb4 22.g5 bxa3 23.Bxa3 Bxa3
24.Rxa3 Ng8 25.cxb5 Ne7 26.Nc4 Nf5 27.Qb7 Qc5 28.Bc6 Qb4+ 29.Kf2 Rd8 30.Bxd7+ Rxd7
31.Qa8+ Rd8 32.Qxa4 Qc5 33.b6+ Kf8 34.Raa1 Kg8 35.Qa7 Rf8 36.Qc7 Qd5 37.Qe5 Qc6
38.h6 gxh6 39.gxh6 f6 40.Ra7 Rxh6 41.Qe4 Qxe4 42.Rg1+ Qg2+ 43.Rxg2+ Kh8 44.b7  1-0

[Event "56th ch-BUL w"]
[Site "Pernik BUL"]
[Date "2007.03.14"]
[Round "4"]
[White "Savova,S"]
[Black "Chilingirova,P"]
[Result "1/2-1/2"]
[WhiteElo "2189"]
[BlackElo "2184"]

1.Nf3 d5 2.g3 Nf6 3.Bg2 c5 4.O-O Nc6 5.d4 e6 6.c4 dxc4 7.Qa4 Bd7 8.dxc5 Bxc5
9.Qxc4 Qb6 10.Nc3 Be7 11.Qb5  1/2-1/2

[Event "31st Conference"]
[Site "Blackpool ENG"]
[Date "2007.03.16"]
[Round "1"]
[White "Grigoryan Lyell,M"]
[Black "Borchgrevink,H"]
[Result "0-1"]
[WhiteElo "2061"]
[BlackElo "2297"]

1.Nf3 d5 2.g3 Nf6 3.d4 c6 4.Bg2 Bf5 5.c4 e6 6.Qb3 Qb6 7.c5 Qxb3 8.axb3 Nbd7
9.Bf4 h6 10.h4 Be7 11.Nc3 Ne4 12.b4 Nxc3 13.bxc3 Be4 14.Ra2 a6 15.O-O f6
16.Bh3 g5 17.Bc1 Kf7 18.h5 Rhg8 19.Nh2 Bh7 20.Ng4 Kg7 21.f4 f5 22.Ne5 Nxe5
23.fxe5 g4 24.Bg2 Rgb8 25.Bf4 Bg8 26.Kf2 Bf7 27.Rh1 Bd8 28.Bd2 Bg5 29.e3 Be7
30.Ra4 Kh7 31.Bf1 Rg8 32.c4 Raf8 33.b5 axb5 34.cxb5 Ra8 35.Rxa8 Rxa8 36.b6 Ra2
37.Ke2 Ra1 38.Bc3 Rb1 39.Bd2 Bg5 40.Rh2 Kg7 41.Rh1 Kf8 42.Kd3 Ra1 43.Kc2 Ra2+
44.Kc3 Ke7 45.Bd3 Ra3+ 46.Kc2 Kd7 47.Bc1 Ra2+ 48.Kb3 Rg2 49.Bb2 Bxe3 50.Bc3 Bg1
51.Ba5 Bxd4 52.Ka3 Ke8 53.Bf1  0-1

[Event "ch-SRB"]
[Site "Vrsac SRB"]
[Date "2007.03.17"]
[Round "13"]
[White "Arsovic,Z"]
[Black "Ivanisevic,I"]
[Result "0-1"]
[WhiteElo "2457"]
[BlackElo "2602"]

1.Nf3 d5 2.g3 Nf6 3.Bg2 c6 4.c4 dxc4 5.O-O Nbd7 6.Qc2 Nb6 7.a4 a5 8.Na3 Qd5
9.Ne1 Qd4 10.e3 Qg4 11.e4 e5 12.Nxc4 Nxc4 13.Qxc4 Be6 14.Qc2 Qh5 15.Nf3 Bg4
16.Qb3 Bb4 17.d4 Nd7 18.dxe5 Nc5 19.Qe3 O-O-O 20.h3 Bxh3 21.Qg5 Bg4 22.Nh2 Be2
23.Qxh5 Bxh5 24.Bg5 Be2 25.Bxd8 Rxd8 26.f3 Rd2 27.Rf2 Nd3 28.Nf1 Rxb2 29.Bh3+ Kc7
30.Rg2 Nxe5 31.Rd1 Bc5+ 32.Kh2 Nxf3+ 33.Kh1 Ne5 34.Kh2 Bxd1 35.Rxb2 Bxa4
36.Nd2 Bb4 37.Kg2 Bd1 38.Rb1 Be2 39.Kf2 Bd3 40.Rb2 Bc5+ 41.Ke1 a4 42.Bf1 b5
43.Ra2 Bd4 44.Bxd3 Nxd3+ 45.Kd1 Nb4 46.Ra3 Bb2 47.Rf3 a3 48.Rxf7+ Kb6 49.Nb3 a2  0-1

[Event "Agzamov Mem"]
[Site "Tashkent UZB"]
[Date "2007.03.20"]
[Round "6"]
[White "Mustafaev,K"]
[Black "Egin,V"]
[Result "0-1"]
[WhiteElo "2306"]
[BlackElo "2437"]

1.Nf3 d5 2.g3 Bg4 3.Bg2 Nd7 4.d3 e5 5.Nbd2 Ngf6 6.e4 dxe4 7.dxe4 Be7 8.O-O O-O
9.c3 c6 10.Qc2 Qc7 11.Nc4 Rfd8 12.Ne3 Bh5 13.Nh4 Ne8 14.Nhf5 Bf8 15.g4 Bg6
16.Ng3 Nc5 17.Nef5 f6 18.Be3 Bf7 19.b3 a5 20.Rad1 b5 21.Rxd8 Rxd8 22.Ne2 Qd7
23.Bf3 Qd3 24.Rc1 a4 25.b4 Qxc2 26.Rxc2 Rd1+ 27.Kg2 Nd3 28.Nc1 Rxc1 29.Rxc1 Nxc1
30.Bxc1 Bxa2 31.Be2 g6 32.Ng3 Nd6 33.f3 Be6 34.Kf1 Bh6 35.Bb2 Bc4 36.Ke1 Bxe2
37.Kxe2 Nc4 38.Ba1 Bf4 39.Kd3 Kg7 40.Kc2 Kh6  0-1

[Event "ch-RUS U20"]
[Site "Saint Petersburg RUS"]
[Date "2007.03.21"]
[Round "11"]
[White "Lysyj,I"]
[Black "Krapivin,A"]
[Result "1/2-1/2"]
[WhiteElo "2576"]
[BlackElo "2478"]

1.Nf3 d5 2.g3 Nf6 3.Bg2 c6 4.c4 e6 5.b3 Bd6 6.Bb2 O-O 7.O-O Qe7 8.Nc3 e5
9.cxd5 Nxd5 10.Qc2 Nxc3 11.Qxc3 f6 12.a3 Be6 13.d3 Nd7 14.Nd2 Bd5 15.e4 Be6
16.Nc4 Bc5 17.Qc2 Nb6 18.b4  1/2-1/2

[Event "Open"]
[Site "Zagreb CRO"]
[Date "2007.03.22"]
[Round "6"]
[White "Petrovic,Zv"]
[Black "Gujic,L"]
[Result "1-0"]
[WhiteElo "2276"]
[BlackElo "2010"]

1.Nf3 d5 2.g3 Nc6 3.d4 g6 4.Bg2 Bg7 5.O-O Nf6 6.c4 e6 7.Nc3 Ne7 8.Qd3 O-O
9.e4 dxe4 10.Nxe4 Nxe4 11.Qxe4 c6 12.Rd1 Qa5 13.Ne5 Nf5 14.Bd2 Qb6 15.Bc3 c5
16.dxc5 Qxc5 17.Nd3 Qc7 18.Bxg7 Nxg7 19.c5 Rb8 20.Qe5 Qxe5 21.Nxe5 Ne8 22.c6 f6
23.Nd7 Bxd7 24.cxd7 Nc7 25.Rac1 Nd5 26.Bxd5 exd5 27.Rxd5 Rfd8 28.Rc7 a6 29.Rd6 Kf7
30.Rb6 Ke7 31.Rbxb7 Rxb7 32.Rxb7 Rxd7 33.Rxd7+ Kxd7 34.Kf1 Kc6 35.Ke2 a5
36.Kd3 Kc5 37.a3 Kd5 38.b3 f5 39.h4 Kc5 40.Ke3 Kd5 41.Kf4  1-0

[Event "VIII Dos Hermanas Internet"]
[Site "ICC INT"]
[Date "2007.03.23"]
[Round "1.3"]
[White "Wang Rui"]
[Black "Golod,V"]
[Result "1-0"]
[WhiteElo "2480"]
[BlackElo "2597"]

1.Nf3 d5 2.g3 Nc6 3.Bg2 e5 4.d3 Nf6 5.O-O Be7 6.c4 O-O 7.cxd5 Nxd5 8.Nc3 Be6
9.Bd2 Nb6 10.a3 f6 11.Rc1 Qd7 12.Re1 Nd4 13.Nxd4 exd4 14.Ne4 Bd5 15.Nc5 Bxc5
16.Rxc5 Bxg2 17.Kxg2 Rae8 18.Qb3+ Kh8 19.Kg1 Rf7 20.Qc2 Rfe7 21.Bb4 Nd5 22.Rxd5 Qxd5
23.Bxe7 Rxe7 24.e4 dxe3 25.Rxe3 Rxe3 26.fxe3 h5 27.e4 Qd4+ 28.Kg2 c5 29.b4 cxb4
30.axb4 Qxb4 31.Qc8+ Kh7 32.Qf5+ Kh6 33.Qf4+ Kg6 34.Qf5+ Kf7 35.Qxh5+ Ke7
36.Kf3 a5 37.Qg4 a4 38.Qxg7+ Ke8 39.Qh8+ Kd7 40.Qxf6 a3 41.Qf7+ Kc6 42.e5 Qb1
43.Qe6+ Kb5 44.Qd5+ Ka4 45.Qc4+ Ka5 46.Qc5+ Ka4 47.Qa7+ Kb3 48.Qxb7+ Kc2
49.Qxb1+ Kxb1 50.e6 a2 51.e7 a1=Q 52.e8=Q Qf6+ 53.Kg2 Qb2+ 54.Kh3 Qf6 55.Qe4 Kc2
56.d4+ Kc3 57.d5 Qh6+ 58.Kg2 Qd2+ 59.Kf3 Qxh2 60.Kg4 Qh6 61.Qe5+ Kd3 62.Qf5+ Kc3
63.Qe6 Qg7+ 64.Kf4 Qf8+ 65.Kg5 Qg7+ 66.Kf5 Qh7+ 67.Kf4 Kd2 68.d6 Qg7 69.d7 Qd4+
70.Kg5 Qg7+ 71.Kf5 Qf8+ 72.Kg6 Qd8 73.g4 Kc3 74.Qf6+  1-0

[Event "TCh-BEL 2006-7"]
[Site "Belgium BEL"]
[Date "2007.03.25"]
[Round "11"]
[White "Hausrath,D"]
[Black "Decoster,F"]
[Result "1-0"]
[WhiteElo "2526"]
[BlackElo "2168"]

1.Nf3 d5 2.g3 Nf6 3.Bg2 c6 4.c4 e6 5.O-O Nbd7 6.b3 Bd6 7.Bb2 O-O 8.d4 Qe7
9.Nbd2 Ne4 10.Nxe4 dxe4 11.Ne5 f5 12.Nxd7 Bxd7 13.c5 Bc7 14.b4 Rad8 15.Qb3 h5
16.f3 exf3 17.Rxf3 Be8 18.Raf1 Bf7 19.Qc3 Bg6 20.a4 a6 21.Qb3 Bf7 22.Qe3 Bg6
23.R3f2 Bb8 24.Qb3 Qd7 25.e3 Bf7 26.e4 e5 27.Qd3 fxe4 28.Bxe4 exd4 29.Bh7+ Kh8
30.Bg6 Bxg6 31.Rxf8+ Kh7 32.Rxd8 Qxd8 33.Qxd4 Qe7 34.a5 Bc7 35.Rd1 Bf5 36.Bc3 Bg6
37.Qxg7+  1-0

[Event "Rector Cup w"]
[Site "Kharkiv UKR"]
[Date "2007.03.25"]
[Round "10"]
[White "Aketaeva,D"]
[Black "Karlovich,A"]
[Result "1/2-1/2"]
[WhiteElo "2260"]
[BlackElo "2265"]

1.Nf3 d5 2.g3 c6 3.Bg2 Bg4 4.b3 Nd7 5.Bb2 e6 6.O-O Ngf6 7.d4 h6 8.Nbd2 Be7
9.Re1 O-O 10.c4 Re8 11.e4 dxe4 12.Nxe4 Nxe4 13.Rxe4 Bf5 14.Re1 Bf6 15.b4 c5
16.a3 Rc8 17.Qe2 cxb4 18.axb4 a6 19.c5 Nb6 20.b5 Nd5 21.bxa6 bxa6 22.Rxa6 Nb4
23.Rb6 Nd3 24.Rd1 Nxb2 25.Rxb2 Qc7 26.Ne5 Rb8 27.Rxb8 Rxb8 28.c6 Rd8 29.Nd7 Rxd7
30.cxd7 Qxd7 31.d5 exd5 32.Rxd5 Qe6 33.Qxe6 Bxe6 34.Ra5 Bc3 35.Ra8+ Kh7 36.Be4+ g6
37.Ra3 Bb2 38.Rd3 Bc4 39.Rd2 Bf6 40.Bd5 Bxd5 41.Rxd5 h5 42.Kg2 Kg7 43.f4 Kf8
44.Kf3 Bc3 45.g4 hxg4+ 46.Kxg4 Kg7 47.f5 Bb2 48.Rb5 Bc3 49.Rb3 Be5 50.h4 Bd4
51.Rd3 Bb2 52.Rf3 Bd4 53.Rg3 Bb2 54.Kf4 Kh6 55.Ke4 Bf6 56.Rh3 Kh5 57.Kf3 Be7
58.Rh1 gxf5 59.Kf4 Kg6 60.h5+ Kh6 61.Kxf5 Bg5 62.Rd1 Be3 63.Rd7 Kg7 64.Rd3 Bc1
65.Rg3+ Kh6 66.Rg8 Bb2 67.Rb8 Bd4 68.Rd8 Bc3 69.Rd7 Kg7 70.Rd3 Bb2 71.Rd6 Bc1
72.Rc6 Be3 73.Rc3 Bd4 74.Rh3 Kh6 75.Ke4 Bb2 76.Kd5 Bc1 77.Kd6 Kg7 78.Ke7 Bg5+
79.Ke8 Bd2 80.Rh2 Bc1 81.Rg2+ Kh6 82.Kxf7 Kxh5 83.Kf6 Kh4 84.Kf7 Be3 85.Rg8 Bb6
86.Rg7 Bc5 87.Kg6 Bd6 88.Kf5 Bc5 89.Ke5 Kh3 90.Ke4 Kh4 91.Kf3 Bd6 92.Rg4+ Kh5
93.Rg1 Bc7 94.Rg7 Be5  1/2-1/2

[Event "Vladimir Zak mem"]
[Site "St Petersburg RUS"]
[Date "2007.03.25"]
[Round "2"]
[White "Zakharov,Y"]
[Black "Kosov,Ig"]
[Result "1-0"]
[WhiteElo "2068"]
[BlackElo "1745"]

1.Nf3 d5 2.g3 Nc6 3.d4 g6 4.Bg2 Bg7 5.O-O Nf6 6.b3 O-O 7.Bb2 Bg4 8.Ne5 Nxe5
9.dxe5 Nd7 10.f4 e6 11.Nd2 h5 12.h3 Bf5 13.e4 Bxe4 14.Nxe4 dxe4 15.Ba3 Re8
16.Bxe4 c6 17.h4 Nb6 18.Qf3 Bf8 19.Bb2 Qc7 20.Rad1 Rad8 21.Bd4 Rd7 22.Bf2 Red8
23.Rde1 Bb4 24.c3 Bf8 25.g4 hxg4 26.Qxg4 Rd2 27.h5 Rxa2 28.hxg6 Bg7 29.gxf7+ Qxf7
30.Bg6 Qe7 31.Rd1 Rdd2 32.b4 Nd5 33.Rxd2 Rxd2 34.Bc5 Qd7 35.Qh4 Bf8 36.Bd4 Qe7
37.Qg4 Bg7 38.f5 exf5 39.Bxf5 Rxd4 40.Be6+ Kh7 41.Qh5+  1-0

[Event "Vladimir Zak mem"]
[Site "St Petersburg RUS"]
[Date "2007.03.29"]
[Round "6"]
[White "Gavrikov,Vi2"]
[Black "Borzova,A"]
[Result "1/2-1/2"]
[WhiteElo "1735"]
[BlackElo "1780"]

1.Nf3 d5 2.g3 Nf6 3.Bg2 c5 4.b3 Nc6 5.Bb2 d4 6.d3 g6 7.c3 Bg7 8.cxd4 cxd4
9.O-O O-O 10.Na3 e5 11.Rc1 Qe7 12.Nc2 Rd8 13.Ba3 Qe8 14.Nd2 Nd5 15.Bb2 Be6
16.Ne4 Rac8 17.Nc5 b6 18.Nxe6 Qxe6 19.Ne1 Ncb4 20.Rxc8 Rxc8 21.a3 Na2 22.Nf3 Nac3
23.Qd2 h6 24.Kh1 a5 25.Ng1 Qd6 26.Rc1 Rc7 27.e3 dxe3 28.fxe3 Nb5 29.Rxc7 Nbxc7
30.e4 Nf6 31.Nf3 Nd7 32.Qc3 Nb5 33.Qc4 Nd4 34.Bxd4 exd4 35.Qc8+ Kh7 36.a4 Nc5
37.Nd2 Nxd3 38.Qc4 Ne5 39.Qd5 Qb4 40.Nf3 Nxf3 41.Bxf3 Qe1+ 42.Kg2 Qd2+ 43.Kh3 Qe3
44.Qxf7  1/2-1/2

[Event "Vladimir Zak mem"]
[Site "St Petersburg RUS"]
[Date "2007.03.29"]
[Round "6"]
[White "Zakharov,Y"]
[Black "Karalkin,M"]
[Result "1-0"]
[WhiteElo "2068"]
[BlackElo "2287"]

1.Nf3 d5 2.g3 c6 3.Bg2 Bg4 4.d4 Nd7 5.O-O e6 6.b3 Bd6 7.Bb2 f5 8.Nbd2 Ngf6
9.Ne5 O-O 10.c4 Bh5 11.Bf3 Bxf3 12.exf3 f4 13.g4 Ne8 14.Kg2 Nc7 15.Qc2 Na6
16.a3 Rc8 17.b4 Nab8 18.Qd3 Nxe5 19.dxe5 Bc7 20.cxd5 cxd5 21.Rac1 Nd7 22.Rfe1 Bb6
23.Rxc8 Qxc8 24.Rc1 Qb8 25.Re1 Rc8 26.Nb3 Rc4 27.Nd2 Rc7 28.a4 a6 29.Bd4 Qa7
30.Bxb6 Qxb6 31.b5 axb5 32.axb5 Qa5 33.h4 Rc3 34.Qd4 Rc2 35.Rd1 Nc5 36.Qxf4 Qxb5
37.Ra1 Na6 38.Qg5 Qb6 39.h5 h6 40.Qg6 Rc8 41.Rb1 Qc6 42.Nb3 Qe8 43.Qxe8+ Rxe8
44.Nd4 Nc5 45.f4 Kf7 46.Rb5 Rc8 47.f3 Rc7 48.Kg3 Ke7 49.Rb6 Rc8 50.f5 exf5
51.gxf5 Ra8 52.Rg6 Kf8 53.Rd6 Ra4 54.Rxd5 b6  1-0

[Event "Spring Open"]
[Site "Belgrade SRB"]
[Date "2007.03.30"]
[Round "5"]
[White "Kosovac,M"]
[Black "Rodic,M"]
[Result "1-0"]
[WhiteElo "2050"]
[BlackElo "1901"]

1.Nf3 d5 2.g3 Nf6 3.Bg2 e6 4.b3 Be7 5.Bb2 c5 6.d4 Nbd7 7.Nbd2 b6 8.Ne5 Qc7
9.O-O Bb7 10.c4 Nxe5 11.dxe5 Nd7 12.cxd5 exd5 13.e3 O-O 14.f4 Rfd8 15.Qg4 Rac8
16.Nf3 d4 17.exd4 Bxf3 18.Bxf3 cxd4 19.Rac1 Qb8 20.Rxc8 Qxc8 21.Rc1 Qb8 22.Bxd4 Nc5
23.Rd1 Qc7 24.f5 Bf8 25.Kg2 a5 26.h4 b5 27.Kh3 g6 28.h5 Bg7 29.hxg6 hxg6
30.fxg6 Ne6 31.Bb2 Rxd1 32.Bxd1 Qe7 33.Kg2 Qg5 34.Qxg5 Nxg5 35.Bh5 fxg6 36.Bxg6 Nf7
37.Bxf7+ Kxf7 38.Kf3 Ke6 39.Ke4 a4 40.g4 Bh6 41.Bc3 Bg5 42.Bd4 Bd2 43.Be3 Bc3
44.Bf4 Bb4 45.g5 Bf8 46.g6 axb3 47.axb3 Bg7 48.Bg3 Bf8 49.Be1 b4 50.Bf2 Be7
51.g7 Kf7 52.Kf5 Kxg7 53.Ke6 Kf8 54.Kd7 Kf7 55.Be3 Bf8 56.Bd4 Be7 57.e6+ Kf8
58.Bg7+  1-0

[Event "Spring Open"]
[Site "Belgrade SRB"]
[Date "2007.03.30"]
[Round "5"]
[White "Mihajlovic,M"]
[Black "Koprivica,C"]
[Result "0-1"]
[WhiteElo "2243"]
[BlackElo "2046"]

1.Nf3 d5 2.g3 Nf6 3.Bg2 e6 4.O-O Be7 5.d3 c5 6.Nbd2 O-O 7.e4 Nc6 8.e5 Nd7
9.Re1 Qc7 10.Qe2 Rb8 11.h4 Nd4 12.Nxd4 cxd4 13.Nf3 Bc5 14.Bf4 b6 15.a3 a5
16.Rac1 Ba6 17.Nh2 Rfc8 18.Ng4 Kh8 19.h5 Rg8 20.Qd2 Qd8 21.Nh2 Rc8 22.Nf3 Qe7
23.Rb1 a4 24.h6 g6 25.Bg5 Qf8 26.Rbc1 Re8 27.Qf4 f5 28.exf6 Qf7 29.Bh3 Rgf8
30.Ne5 Nxe5 31.Qxe5 Bc8 32.c3 dxc3 33.Rxc3 d4 34.Rc2 Kg8 35.Rec1 Rd8 36.Bg2 Ba6
37.Rxc5 bxc5 38.Be4 Rc8 39.Rxc5 Rxc5 40.Qxc5 Qd7 41.Qe5 Kf7 42.Bd2 Rc8 43.Kg2 Bb7
44.Bb4 Bxe4+ 45.dxe4 d3 46.Qa5 Rc2 47.Qa8 Rc8 48.Qa5 Qd4 49.Kh3 Qxf2 50.Bd2 Qd4
51.Qb5 Rd8 52.Qc6 Qd7 53.Qc4 Rc8 54.Qb4 e5+ 55.Kh4 Rc2 56.g4 Kxf6 57.Qf8+ Ke6
58.Kg3 Rxd2 59.Qg8+ Kf6 60.Qh8+ Ke6 61.Qg8+ Qf7 62.Qc8+ Kd6 63.Qb8+ Kc6 64.Qa8+ Kc5  0-1

[Event "ch-DEN"]
[Site "Aalborg DEN"]
[Date "2007.03.31"]
[Round "1"]
[White "Jacobsen,B"]
[Black "Glud,J"]
[Result "0-1"]
[WhiteElo "2301"]
[BlackElo "2425"]

1.g3 d5 2.Nf3 c6 3.Bg2 Nf6 4.b3 Bg4 5.Bb2 Nbd7 6.O-O e6 7.d3 a5 8.a3 Be7
9.Nbd2 O-O 10.c4 b5 11.Rc1 Qb6 12.Rc2 Rfc8 13.Qa1 a4 14.b4 c5 15.bxc5 Nxc5
16.cxd5 exd5 17.Bd4 Qa6 18.Qa2 Ne6 19.Rxc8+ Rxc8 20.Bxf6 gxf6 21.Qxd5 Bxa3
22.Rb1 Bxf3 23.Qxf3 Rc1+ 24.Rxc1 Bxc1 25.Ne4 a3 26.Nxf6+ Kg7 27.Nh5+ Kf8
28.Bh3 Ng5 29.Qd5 Nxh3+ 30.Kg2 Bg5 31.Qc5+ Be7 32.Qe5 f6  0-1

[Event "Bundesliga 2006-7"]
[Site "Eppingen GER"]
[Date "2007.03.31"]
[Round "14"]
[White "Meier,Geo"]
[Black "Bischoff,K"]
[Result "1/2-1/2"]
[WhiteElo "2512"]
[BlackElo "2532"]

1.Nf3 d5 2.g3 Nf6 3.Bg2 e6 4.O-O Be7 5.c4 O-O 6.d4 Nbd7 7.Qc2 c6 8.Nbd2 b5
9.c5 a5 10.e4 dxe4 11.Nxe4 Nxe4 12.Qxe4 Bb7 13.Re1 Nf6 14.Qc2 Nd5 15.Bd2 Qc7
16.Rad1 Rad8 17.h4 Bc8 18.Ng5 g6 19.Nf3 Bf6 20.Bg5 Rde8 21.h5 Bg7 22.Bc1 gxh5
23.Qe4 f6 24.Qh4 Qf7 25.Nd2 e5 26.Ne4 Bg4 27.Nd6 Qg6 28.f3 Bf5 29.Nxe8 Rxe8
30.Bd2 a4 31.Rc1 Qf7 32.Bh3 Bd3 33.g4 hxg4 34.Bxg4 Bg6 35.Bh3  1/2-1/2

[Event "30th Open"]
[Site "San Sebastian ESP"]
[Date "2007.04.02"]
[Round "2"]
[White "Perez Cameselle,F"]
[Black "Gonzalez de la Torre,S"]
[Result "0-1"]
[WhiteElo "2003"]
[BlackElo "2388"]

1.Nf3 d5 2.g3 Nc6 3.d4 Bf5 4.c4 e6 5.cxd5 exd5 6.a3 Be7 7.Nc3 Nf6 8.Bg2 Qd7
9.Ne5 Qe6 10.Qa4 O-O 11.Nxc6 bxc6 12.O-O Nd7 13.Bf4 Nb6 14.Qd1 Bd6 15.Bxd6 cxd6
16.Re1 Qg6 17.e4 dxe4 18.Bxe4 Bxe4 19.Rxe4 f5 20.Rh4 f4 21.Qh5 Qc2 22.g4 Rae8
23.Kg2 Re2 24.Rf1 Nc4 25.Kh1 f3  0-1

[Event "30th Open"]
[Site "San Sebastian ESP"]
[Date "2007.04.02"]
[Round "2"]
[White "Argandona Rivero,I"]
[Black "Zulaika Centeno,A"]
[Result "1-0"]
[WhiteElo "2400"]
[BlackElo "2056"]

1.Nf3 d5 2.g3 Nf6 3.Bg2 c6 4.c4 Bf5 5.cxd5 cxd5 6.Qb3 Qb6 7.Qxb6 axb6 8.Nc3 Nc6
9.d3 e6 10.O-O Bc5 11.b3 Ke7 12.Na4 Nd7 13.Bb2 f6 14.h3 Bg6 15.Nc3 Rhd8 16.a3 Bd6
17.b4 Rac8 18.Nb5 Bb8 19.Nh4 Bf7 20.f4 Na7 21.Nd4 Nc6 22.Nhf3 Kf8 23.h4 e5
24.fxe5 Ndxe5 25.Bh3 Rc7 26.Nxe5 Nxe5 27.g4 Nc6 28.g5 Nxd4 29.Bxd4 Rc6 30.gxf6 gxf6
31.b5 Rc2 32.Rxf6 Ke7 33.Raf1 Rg8+ 34.Kh1 Bh5 35.Re6+ Kd8 36.Bf6+ Kc7 37.Be5+ Kd8
38.Bxb8 Bxe2 39.Rff6 Rc1+ 40.Kh2 Bxd3 41.Rd6+ Ke7 42.Rfe6+  1-0

[Event "8th ch-Euro"]
[Site "Dresden GER"]
[Date "2007.04.03"]
[Round "1"]
[White "Grunberg,M"]
[Black "Dreev,A"]
[Result "1/2-1/2"]
[WhiteElo "2439"]
[BlackElo "2658"]

1.Nf3 d5 2.g3 c6 3.Bg2 Bf5 4.c4 e6 5.cxd5 exd5 6.Qb3 Qb6 7.Qxb6 axb6 8.d3 Nf6
9.O-O Bc5 10.Nbd2 O-O 11.Nb3 Bd6 12.Nfd4 Bd7 13.Bg5 Re8 14.Rfe1 Na6 15.Nc2 Nc5
16.Nxc5 bxc5 17.e4 dxe4 18.dxe4 Be5 19.Bc1 Be6 20.f4 Bd4+ 21.Nxd4 cxd4 22.a3 Bd5
23.e5 Bxg2 24.Kxg2 Nd5 25.Bd2 c5 26.Rac1 Rac8 27.b4 b6 28.Rc4 f6 29.bxc5 bxc5
30.Rec1 fxe5 31.Rxc5 Rcd8 32.fxe5 Rxe5 33.Rc8 Rxc8 34.Rxc8+ Kf7 35.Kf3 d3
36.Rc4 Re2 37.Rd4 Rxd2 38.Rxd5 Ke6 39.Rd8 Rxh2 40.Rxd3 h5 41.Kf4 Kf6 42.Ke4  1/2-1/2